000 00850nam a22002177a 4500
999 _c63465
_d63465
005 20240530110642.0
008 171023s2016 ua g b 000 0 ara d
017 _a2015/16046
_bمصر. دار الكتب
020 _a9789773506728
040 _aEG-CaGPL
_cEG-CaGPL
082 0 4 _221
_a213\
_bأ د
100 0 _aاحمد محمود عيساوى .
245 1 2 _aالدعوة الاسلامية فى قرن التكنولوجيات العولمية :
_bافاقها ووسائلها الدعائية /
_cاحمد محمود عيساوى .
250 _aط.1
260 _aالقاهرة :
_bدار الكتاب الحديث ،
_c2016 .
300 _a253 ص. ؛
_c24 سم.
504 _aببليوجرافية : ص 239 - 251
650 0 7 _2qrmak
_aالاسلام
_xدعوة .
942 _2ddc
_cBK